| 000 | 00563nam a2200169 i 4500 | ||
|---|---|---|---|
| 001 | 88488 | ||
| 003 | ES-MaACL | ||
| 005 | 20230906175853.0 | ||
| 007 | t| | ||
| 008 | 050104s1918 sp ||||1| spa d | ||
| 100 | 1 |
_aLandouzy, Louis. _969968 |
|
| 245 | 1 | 0 |
_aElementos de anatomía y fisiología médicas / _cpublicados bajo la dirección de Louis Landouzy y León Bernard ; por León Bernard ... [et al.]. |
| 260 |
_aBarcelona : _b[s.n., _c1918] ( _fLa Neotipia) |
||
| 300 |
_a2 v. ; _c25 cm. |
||
| 700 | 1 |
_aBernard, León. _928247 |
|
| 852 |
_aES-MaACL _jE-1483-84 |
||
| 999 |
_c88488 _d88488 |
||